000 00713nam a2200217Ii 4500
003 JO-AjNU
008 230605s9999||||xx |||||||||||||| ||und||
017 _a2012/12/4524
040 _aJO-AjNU
_bara
_erda
_cJO-AjNU
041 _aara
050 1 4 _aHE7336.Z33 2015
100 3 _aالزعارير، طه ,
_eauthor
_958195
245 0 0 _aالبريد في مصر والشام في عصر سلاطين المماليك( 648-923هجري/1250-1517م)
250 _aط1
264 3 1 _aعمان: دار الامل، 2012
300 _a242ص
336 _atext
_btxt
_2rdacontent
337 _aunmediated
_bn
_2rdamedia
338 _avolume
_bnc
_2rdacarrier
650 4 _aالبريد - المماليك
_958196
999 _aA26121
_c29689
_d29689